Maintenance management (Record no. 49693)

MARC details
000 -LEADER
fixed length control field 00517nam a2200157 a 4500
008 - FIXED-LENGTH DATA ELEMENTS--GENERAL INFORMATION
fixed length control field 120416s0000 ||||||||||||||||| || u
020 ## - INTERNATIONAL STANDARD BOOK NUMBER
International Standard Book Number 0901822299
050 ## - LIBRARY OF CONGRESS CALL NUMBER
Classification number TS 192 Man
100 ## - MAIN ENTRY--PERSONAL NAME
Personal name Mann, Lawrence
245 10 - TITLE STATEMENT
Title Maintenance management
250 ## - EDITION STATEMENT
Edition statement Rev ed.
260 ## - PUBLICATION, DISTRIBUTION, ETC.
Place of publication, distribution, etc. New York
Name of publisher, distributor, etc. Lexington Books
Date of publication, distribution, etc. 1975
300 ## - PHYSICAL DESCRIPTION
Extent xxv, 480p. : ill
350 ## - PRICE (NR) (BK AM CF MU VM SE) [OBSOLETE]
Price 0.00
995 ## - RECOMMENDATION 995 [LOCAL, UNIMARC FRANCE]
-- 0.00
-- CBU-MAIN LIBRARY (Kitwe)
-- 1
-- 15.40
-- AVAILABLE
-- Main Library Open Access Collection
Holdings
Withdrawn status Lost status Source of classification or shelving scheme Damaged status Not for loan Home library Current library Shelving location Date acquired Total Checkouts Full call number Barcode Date last seen Price effective from Koha item type
          CBU-MAIN LIBRARY, KITWE. CBU-MAIN LIBRARY, KITWE.   11/30/2022   TS 192 Man 018288 11/30/2022 11/30/2022 MONOGRAPH